000
00308nam a22001337a 4500
008
170928b xxu||||| |||| 00| 0 eng d
020
_a
9780205217311
041
_a
eng
080
_2
12TH
_a
37
100
_a
47
101
_a
EDU
245
_a
COLLEGE READING AND STUDY SKILLS
_c
WHORTER,K.T
942
_2
udc
_c
BK
999
_c
30554
_d
30554